00402nam a22001217a 4500999001900000020001500019100002000034245002000054260004700074300005000121942000700171952010200178 c263185d263184 a 059060810 a Steig, William a Doctor De Soto a [New York] b Scholastic Cassettesc1983. a 1 sound cassette (9 min., 54 min.) : analog. cBK 001040708FICa40404b40404cNEWd2024-03-05l0pCL0362021r2024-03-05 00:00:00w2024-03-05yBK